[Event "Winnipeg TNT January op"]
[Site "Winnipeg CAN"]
[Date "2007.01.09"]
[Round "1"]
[White "Wierda, John"]
[Black "Gibson, Fred"]
[Result "0-1"]
[WhiteElo "1781"]
[BlackElo "1230"]
[PlyCount "84"]
[GameId "2160767910739365"]
[EventDate "2007.01.09"]
[EventType "swiss"]
[EventRounds "4"]
[EventCountry "CAN"]
[SourceTitle "EXT 2008"]
[Source "ChessBase"]
[SourceDate "2007.11.25"]
[SourceVersion "1"]
[SourceVersionDate "2007.11.25"]
[SourceQuality "1"]

1. e4 c5 2. c3 Nc6 3. d4 cxd4 4. cxd4 d5 5. e5 e6 6. Nf3 Bb4+ 7. Nc3 Nge7 8. Bd3 O-O 9. Ng5 g6 10. Nf3 Nf5 11. h4 h6 12. g4 Ng7 13. Bxh6 Kh7 14. h5 Be7 15. hxg6+ fxg6 16. Ng5+ Kg8 17. Bxg7 Kxg7 18. Nxe6+ Bxe6 19. Bc2 Rf4 20. Ne2 Rf3 21. Rg1 Qf8 22. Qd2 Bb4 23. Nc3 Qf4 24. O-O-O Rxf2 25. Qxf4 Rxf4 26. Ne2 Rf2 27. Nc3 Bxc3 28. bxc3 Na5 29. Bd3 Rc8 30. Rd2 Rxd2 31. Kxd2 Nc4+ 32. Ke2 Nb2 33. Bf5 Re8 34. Bxe6 Rxe6 35. g5 Nc4 36. Rb1 Nb6 37. Kd3 Re7 38. Rb4 Kf7 39. a4 Nc4 40. Rb5 Ke6 41. a5 b6 42. axb6 Nxb6 0-1

[Event "Winnipeg TNT January op"]
[Site "Winnipeg CAN"]
[Date "2007.01.16"]
[Round "2"]
[White "Garrod, Chris"]
[Black "Wasserman, Arie"]
[Result "0-1"]
[WhiteElo "1252"]
[BlackElo "1593"]
[PlyCount "88"]
[GameId "2160767910739366"]
[EventDate "2007.01.09"]
[EventType "swiss"]
[EventRounds "4"]
[EventCountry "CAN"]
[SourceTitle "EXT 2008"]
[Source "ChessBase"]
[SourceDate "2007.11.25"]
[SourceVersion "1"]
[SourceVersionDate "2007.11.25"]
[SourceQuality "1"]

1. e4 e5 2. Nf3 Nc6 3. Bb5 Bc5 4. Bxc6 dxc6 5. Nxe5 Qd4 6. Nd3 Qxe4+ 7. Qe2 Qxe2+ 8. Kxe2 Bb6 9. Re1 Be6 10. b3 O-O-O 11. Nc3 Re8 12. Kf1 Nf6 13. Ne4 Nxe4 14. Rxe4 Bf5 15. Rxe8+ Rxe8 16. Bb2 Bxd3+ 17. cxd3 g6 18. a4 Ba5 19. Bc3 Bb6 20. d4 Rd8 21. a5 Bxd4 22. Bxd4 Rxd4 23. Ke2 Rb4 24. Ra3 f5 25. f3 Kd7 26. Kd3 Kd6 27. Kc3 c5 28. Ra4 Rxa4 29. bxa4 Kd5 30. d3 f4 31. h4 h5 32. a6 bxa6 33. a5 c6 34. Kd2 Kd4 35. Ke2 c4 36. dxc4 Kxc4 37. Kf2 Kd3 38. g3 c5 39. gxf4 c4 40. Kg3 c3 41. f5 gxf5 42. Kf4 c2 43. Kxf5 c1=Q 44. f4 Qc5+ 0-1

[Event "Winnipeg TNT January op"]
[Site "Winnipeg CAN"]
[Date "2007.01.16"]
[Round "2"]
[White "Gibbons, Lorne"]
[Black "Essery, Richard"]
[Result "0-1"]
[WhiteElo "1338"]
[BlackElo "1675"]
[PlyCount "68"]
[GameId "2160767910739367"]
[EventDate "2007.01.09"]
[EventType "swiss"]
[EventRounds "4"]
[EventCountry "CAN"]
[SourceTitle "EXT 2008"]
[Source "ChessBase"]
[SourceDate "2007.11.25"]
[SourceVersion "1"]
[SourceVersionDate "2007.11.25"]
[SourceQuality "1"]

1. d4 e5 2. dxe5 Nc6 3. Nf3 Qe7 4. Bd2 Nxe5 5. Nxe5 Qxe5 6. Bc3 Qe7 7. e3 Nf6 8. Be2 Ne4 9. O-O Nxc3 10. Nxc3 b6 11. Bf3 c6 12. Qd2 Rb8 13. Be2 Bb7 14. f4 d5 15. a3 Qd7 16. b4 a6 17. Rad1 Rd8 18. Qe1 f5 19. Bf3 Bd6 20. Rf2 O-O 21. g3 Rfe8 22. h4 Qe7 23. Re2 Qf6 24. Nb1 Ra8 25. c3 a5 26. Red2 axb4 27. cxb4 Re7 28. Qf2 b5 29. Rd3 Bc7 30. Qd2 Bb6 31. Kf2 h6 32. Qc1 g5 33. hxg5 hxg5 34. Nc3 gxf4 0-1

[Event "Winnipeg TNT January op"]
[Site "Winnipeg CAN"]
[Date "2007.01.16"]
[Round "2"]
[White "Gibson, Fred"]
[Black "Greenberg, Harley"]
[Result "0-1"]
[WhiteElo "1230"]
[BlackElo "1801"]
[PlyCount "46"]
[GameId "2160767910739368"]
[EventDate "2007.01.09"]
[EventType "swiss"]
[EventRounds "4"]
[EventCountry "CAN"]
[SourceTitle "EXT 2008"]
[Source "ChessBase"]
[SourceDate "2007.11.25"]
[SourceVersion "1"]
[SourceVersionDate "2007.11.25"]
[SourceQuality "1"]

1. e4 c5 2. Nc3 Nc6 3. g3 g6 4. Bg2 Bg7 5. Nge2 d6 6. h3 Nf6 7. O-O O-O 8. d3 Bd7 9. Be3 Kh8 10. Qd2 Ng8 11. f4 f5 12. exf5 gxf5 13. d4 cxd4 14. Nxd4 Rc8 15. Kh2 Qe8 16. Rae1 Qg6 17. Nd1 Nf6 18. Rf3 Rg8 19. c3 e5 20. Nxc6 Bxc6 21. Rf2 Nh5 22. Rg1 Qxg3+ 23. Kh1 Qxh3# 0-1

[Event "Winnipeg TNT January op"]
[Site "Winnipeg CAN"]
[Date "2007.01.16"]
[Round "2"]
[White "Green, Jim"]
[Black "Mundwiler, Les"]
[Result "0-1"]
[WhiteElo "1769"]
[BlackElo "1938"]
[PlyCount "40"]
[GameId "2160767910739370"]
[EventDate "2007.01.09"]
[EventType "swiss"]
[EventRounds "4"]
[EventCountry "CAN"]
[SourceTitle "EXT 2008"]
[Source "ChessBase"]
[SourceDate "2007.11.25"]
[SourceVersion "1"]
[SourceVersionDate "2007.11.25"]
[SourceQuality "1"]

1. e4 c5 2. Nf3 Nc6 3. Bb5 d6 4. O-O e5 5. Bxc6+ bxc6 6. c4 Ne7 7. d3 Ng6 8. Nc3 Be7 9. Qa4 Bd7 10. a3 a5 11. Qc2 h6 12. Ne1 Bg5 13. Ne2 Qf6 14. Bxg5 hxg5 15. f3 Nf4 16. Nxf4 gxf4 17. h3 Qh4 18. Qf2 Qg5 19. Kh2 Ke7 20. Rg1 Bxh3 0-1

[Event "Winnipeg TNT January op"]
[Site "Winnipeg CAN"]
[Date "2007.01.16"]
[Round "2"]
[White "Khedkar, Jay S"]
[Black "Pottinger, Carl"]
[Result "1-0"]
[WhiteElo "1963"]
[BlackElo "1809"]
[PlyCount "91"]
[GameId "2160767910739371"]
[EventDate "2007.01.09"]
[EventType "swiss"]
[EventRounds "4"]
[EventCountry "CAN"]
[SourceTitle "EXT 2008"]
[Source "ChessBase"]
[SourceDate "2007.11.25"]
[SourceVersion "1"]
[SourceVersionDate "2007.11.25"]
[SourceQuality "1"]

1. e4 c5 2. Nf3 d6 3. d4 cxd4 4. Nxd4 Nf6 5. Nc3 g6 6. Be2 Bg7 7. Be3 O-O 8. f4 Nc6 9. Nb3 Bd7 10. O-O Rc8 11. Bf3 a6 12. Rf2 b5 13. a3 Na5 14. Nxa5 Qxa5 15. e5 Rxc3 16. bxc3 Ne8 17. Bd4 dxe5 18. fxe5 Be6 19. a4 bxa4 20. Bc6 Bxe5 21. Bxa4 Qc7 22. Bxe5 Qxe5 23. Qd4 Qa5 24. Qb4 Qc7 25. Bb3 Ng7 26. Rxa6 Rb8 27. Qa5 Qxa5 28. Rxa5 Bxb3 29. cxb3 f5 30. b4 e6 31. b5 e5 32. c4 e4 33. Re2 Ne6 34. Kf2 Nc5 35. Ke3 Kf7 36. Rd2 Ke6 37. Rd5 Nb3 38. Ra6+ Kf7 39. b6 Nc1 40. c5 Nb3 41. Ra7+ Kf6 42. h4 Nxc5 43. Rxc5 Rxb6 44. Rac7 Rb3+ 45. Kf4 e3 46. R5c6# 1-0

[Event "Winnipeg TNT January op"]
[Site "Winnipeg CAN"]
[Date "2007.01.16"]
[Round "2"]
[White "Letain, Cory"]
[Black "Reimer, Bruce"]
[Result "0-1"]
[WhiteElo "1397"]
[BlackElo "1593"]
[PlyCount "74"]
[GameId "2160767910739372"]
[EventDate "2007.01.09"]
[EventType "swiss"]
[EventRounds "4"]
[EventCountry "CAN"]
[SourceTitle "EXT 2008"]
[Source "ChessBase"]
[SourceDate "2007.11.25"]
[SourceVersion "1"]
[SourceVersionDate "2007.11.25"]
[SourceQuality "1"]

1. e4 Nf6 2. Nc3 d5 3. exd5 Nxd5 4. Nxd5 Qxd5 5. Qf3 Qxf3 6. Nxf3 Nc6 7. Bb5 Bd7 8. d4 a6 9. Ba4 Nb4 10. Bxd7+ Kxd7 11. O-O Nxc2 12. Rb1 Nb4 13. Ne5+ Ke8 14. a3 Nd5 15. Bd2 f6 16. Nd3 e6 17. Nc5 Bxc5 18. dxc5 Rd8 19. Rbc1 Kf7 20. f4 Rhe8 21. Rf3 e5 22. f5 Re7 23. Rc4 e4 24. Rg3 Rde8 25. b4 e3 26. Rcg4 Kf8 27. Be1 e2 28. h4 h5 29. Rd4 Ne3 30. Rd2 Nxf5 31. Rgd3 Nh6 32. Rd7 Ng4 33. Rxe7 Rxe7 34. Rd8+ Kf7 35. Rb8 c6 36. Rh8 Rd7 37. Rb8 Rd1 0-1

[Event "Winnipeg TNT January op"]
[Site "Winnipeg CAN"]
[Date "2007.01.16"]
[Round "2"]
[White "Lipnowski, Samuel"]
[Black "Lauritson, Jim"]
[Result "1-0"]
[WhiteElo "2268"]
[BlackElo "1893"]
[PlyCount "91"]
[GameId "2160767910739373"]
[EventDate "2007.01.09"]
[EventType "swiss"]
[EventRounds "4"]
[EventCountry "CAN"]
[SourceTitle "EXT 2008"]
[Source "ChessBase"]
[SourceDate "2007.11.25"]
[SourceVersion "1"]
[SourceVersionDate "2007.11.25"]
[SourceQuality "1"]

1. e4 c5 2. Nf3 e6 3. d4 cxd4 4. Nxd4 Nc6 5. Nc3 a6 6. Be3 Qc7 7. f3 Nf6 8. a3 b6 9. Nxc6 dxc6 10. Qd2 Bb7 11. Rd1 Be7 12. Qf2 c5 13. Qg3 Qxg3+ 14. hxg3 O-O 15. g4 Rad8 16. Bd3 g6 17. Kf2 Rfe8 18. Rh3 Nd7 19. Rdh1 Nf8 20. e5 b5 21. Be4 Bd5 22. Bh6 Nd7 23. Bxd5 b4 24. Bc6 bxc3 25. bxc3 g5 26. Rh5 f6 27. exf6 Bxf6 28. Bxg5 Bxg5 29. Rxg5+ Kh8 30. Rd1 Nf6 31. Rxd8 Rxd8 32. Rxc5 Rd2+ 33. Kg3 Rxc2 34. g5 Nd5 35. Bxd5 exd5 36. Rxd5 Rxc3 37. Ra5 Rc6 38. Kf4 Kg7 39. Kf5 Kf7 40. g4 Rb6 41. f4 Rc6 42. Ke5 Kg6 43. Rd5 Kf7 44. Rd7+ Kg8 45. Rd6 Rc5+ 46. Kf6 1-0

[Event "Winnipeg TNT January op"]
[Site "Winnipeg CAN"]
[Date "2007.01.16"]
[Round "2"]
[White "Nguyen, Huy"]
[Black "Trueman, Francis"]
[Result "1-0"]
[WhiteElo "1721"]
[BlackElo "1509"]
[PlyCount "97"]
[GameId "2160767910739374"]
[EventDate "2007.01.09"]
[EventType "swiss"]
[EventRounds "4"]
[EventCountry "CAN"]
[SourceTitle "EXT 2008"]
[Source "ChessBase"]
[SourceDate "2007.11.25"]
[SourceVersion "1"]
[SourceVersionDate "2007.11.25"]
[SourceQuality "1"]

1. Nf3 Nc6 2. c4 e5 3. d3 Nf6 4. g3 Be7 5. Bg2 O-O 6. O-O d6 7. Nc3 d5 8. cxd5 Nxd5 9. Bd2 Be6 10. Nxe5 Nxe5 11. d4 Nxc3 12. Bxc3 Nc4 13. b3 Nd6 14. e4 Rb8 15. d5 Bd7 16. e5 Ne8 17. f4 Bb5 18. Re1 Bc5+ 19. Kh1 f6 20. a4 fxe5 21. axb5 exf4 22. g4 Nd6 23. Qd3 Qd7 24. Bf3 Qxb5 25. Qc2 Rbe8 26. Re6 Rxe6 27. dxe6 Qe8 28. b4 Be3 29. Qb3 Qe7 30. b5 Re8 31. Bd5 Kh8 32. Rd1 c6 33. bxc6 bxc6 34. Bxc6 Qxe6 35. Qxe6 Rxe6 36. Bb4 f3 37. Rxd6 Rxd6 38. Bxd6 f2 39. Kg2 h6 40. Be5 Kg8 41. Bd5+ Kh7 42. h4 g6 43. Bg3 g5 44. h5 Bc5 45. Bxf2 Bxf2 46. Kxf2 a5 47. Ke3 Kg7 48. Kd4 a4 49. Ke5 1-0

[Event "Winnipeg TNT January op"]
[Site "Winnipeg CAN"]
[Date "2007.01.16"]
[Round "2"]
[White "Tang, Edward"]
[Black "Adol, Deng"]
[Result "1-0"]
[WhiteElo "2099"]
[BlackElo "1783"]
[PlyCount "31"]
[GameId "2160767910739376"]
[EventDate "2007.01.09"]
[EventType "swiss"]
[EventRounds "4"]
[EventCountry "CAN"]
[SourceTitle "EXT 2008"]
[Source "ChessBase"]
[SourceDate "2007.11.25"]
[SourceVersion "1"]
[SourceVersionDate "2007.11.25"]
[SourceQuality "1"]

1. e4 e5 2. Nf3 d6 3. d4 exd4 4. Qxd4 Nc6 5. Bb5 Bd7 6. Bxc6 Bxc6 7. Nc3 Qd7 8. Bg5 f6 9. Be3 g5 10. O-O-O Bg7 11. Qc4 h6 12. Nd4 O-O-O 13. Ncb5 Bxb5 14. Nxb5 a6 15. Nxd6+ Kb8 16. Nf7 1-0

[Event "Winnipeg TNT January op"]
[Site "Winnipeg CAN"]
[Date "2007.01.16"]
[Round "2"]
[White "Van Wyk, Joseph"]
[Black "Clark, Jeff"]
[Result "1-0"]
[WhiteElo "1921"]
[BlackElo "1871"]
[PlyCount "63"]
[GameId "2160767910739377"]
[EventDate "2007.01.09"]
[EventType "swiss"]
[EventRounds "4"]
[EventCountry "CAN"]
[SourceTitle "EXT 2008"]
[Source "ChessBase"]
[SourceDate "2007.11.25"]
[SourceVersion "1"]
[SourceVersionDate "2007.11.25"]
[SourceQuality "1"]

1. e4 e6 2. c4 d5 3. cxd5 exd5 4. exd5 Nf6 5. Nc3 Be7 6. Bc4 O-O 7. Nge2 Nbd7 8. d3 Nb6 9. Qb3 c6 10. dxc6 bxc6 11. O-O Rb8 12. Bf4 Rb7 13. Ba6 Be6 14. Qc2 Rd7 15. Rac1 Bd6 16. Ne4 Bxf4 17. Nxf4 Bd5 18. Nxf6+ Qxf6 19. Nxd5 Nxd5 20. a3 Nf4 21. Rfe1 Qg5 22. g3 Rd6 23. Qc5 Qg6 24. Re4 Rf6 25. Rce1 Ne6 26. Qe7 Qf5 27. R1e2 g5 28. Bc4 Ng7 29. Re5 Qg6 30. Qxa7 Ne6 31. Bxe6 fxe6 32. Qe3 1-0

[Event "Winnipeg TNT January op"]
[Site "Winnipeg CAN"]
[Date "2007.01.16"]
[Round "2"]
[White "Wasserman, Leor"]
[Black "Kohalmi, Andy"]
[Result "1-0"]
[WhiteElo "1537"]
[BlackElo "1710"]
[PlyCount "57"]
[GameId "2160767910739378"]
[EventDate "2007.01.09"]
[EventType "swiss"]
[EventRounds "4"]
[EventCountry "CAN"]
[SourceTitle "EXT 2008"]
[Source "ChessBase"]
[SourceDate "2007.11.25"]
[SourceVersion "1"]
[SourceVersionDate "2007.11.25"]
[SourceQuality "1"]

1. e4 c5 2. Nf3 a6 3. d4 cxd4 4. Nxd4 Qc7 5. Be3 Nf6 6. Nc3 e5 7. Nb3 Bb4 8. Qd3 O-O 9. Be2 d5 10. exd5 Nxd5 11. Qxd5 Bxc3+ 12. bxc3 Qxc3+ 13. Qd2 Qc7 14. O-O Rd8 15. Qc1 Nc6 16. Qb2 h6 17. Nd2 b5 18. a4 Rb8 19. axb5 axb5 20. Bf3 Bb7 21. Bxc6 Qxc6 22. Nf3 Qg6 23. Kh1 Qh5 24. Nxe5 Rd5 25. Nd3 Rf5 26. Bf4 Rxf4 27. Nxf4 Qg4 28. Qe5 Qc8 29. Nd5 1-0

[Event "Winnipeg TNT January op"]
[Site "Winnipeg CAN"]
[Date "2007.01.16"]
[Round "2"]
[White "Wood, Nathaniel"]
[Black "Crawford, Gary"]
[Result "1-0"]
[WhiteElo "1646"]
[BlackElo "1323"]
[PlyCount "53"]
[GameId "2160767910739379"]
[EventDate "2007.01.09"]
[EventType "swiss"]
[EventRounds "4"]
[EventCountry "CAN"]
[SourceTitle "EXT 2008"]
[Source "ChessBase"]
[SourceDate "2007.11.25"]
[SourceVersion "1"]
[SourceVersionDate "2007.11.25"]
[SourceQuality "1"]

1. d4 Nf6 2. c4 d6 3. Nc3 g6 4. e4 Bg7 5. Be2 O-O 6. Be3 b6 7. f3 e5 8. d5 Nh5 9. Qd2 f5 10. O-O-O f4 11. Bf2 Qg5 12. g4 Nf6 13. h4 Qh6 14. g5 Qh5 15. gxf6 Rxf6 16. Nb5 Na6 17. Nh3 Bxh3 18. Rxh3 Bf8 19. Rg1 Rc8 20. Rg5 Qh6 21. Nxa7 Ra8 22. Nb5 Be7 23. Rh2 Qf8 24. h5 Qh6 25. Rxe5 dxe5 26. d6 Bxd6 27. Qd5+ 1-0

[Event "Winnipeg TNT January op"]
[Site "Winnipeg CAN"]
[Date "2007.01.23"]
[Round "3"]
[White "Adol, Deng"]
[Black "Wood, Nathaniel"]
[Result "1-0"]
[WhiteElo "1783"]
[BlackElo "1646"]
[PlyCount "55"]
[GameId "2160767910739380"]
[EventDate "2007.01.09"]
[EventType "swiss"]
[EventRounds "4"]
[EventCountry "CAN"]
[SourceTitle "EXT 2008"]
[Source "ChessBase"]
[SourceDate "2007.11.25"]
[SourceVersion "1"]
[SourceVersionDate "2007.11.25"]
[SourceQuality "1"]

1. e4 c5 2. Nf3 d6 3. d3 Nf6 4. h3 g6 5. Nc3 Bg7 6. Be3 Nc6 7. Be2 O-O 8. Qd2 Qa5 9. a3 b5 10. Bh6 b4 11. Nd5 bxa3 12. Nxe7+ Kh8 13. Bxg7+ Kxg7 14. Nxc6 Qxd2+ 15. Nxd2 axb2 16. Rb1 a5 17. Rxb2 Re8 18. Nc4 a4 19. Nxd6 Re6 20. Nxc8 Rxc6 21. Ne7 Re6 22. Nd5 a3 23. Ra2 Nxd5 24. exd5 Re5 25. c4 f5 26. O-O f4 27. Bf3 g5 28. Rfa1 1-0

[Event "Winnipeg TNT January op"]
[Site "Winnipeg CAN"]
[Date "2007.01.23"]
[Round "3"]
[White "Babb, Jeff"]
[Black "Khedkar, Jay S"]
[Result "0-1"]
[WhiteElo "2203"]
[BlackElo "1963"]
[PlyCount "84"]
[GameId "2160767910739381"]
[EventDate "2007.01.09"]
[EventType "swiss"]
[EventRounds "4"]
[EventCountry "CAN"]
[SourceTitle "EXT 2008"]
[Source "ChessBase"]
[SourceDate "2007.11.25"]
[SourceVersion "1"]
[SourceVersionDate "2007.11.25"]
[SourceQuality "1"]

1. e4 Nf6 2. Nc3 d5 3. exd5 Nxd5 4. g3 b6 5. Nxd5 Qxd5 6. Qf3 Bb7 7. Qxd5 Bxd5 8. f3 e5 9. Bd3 Nc6 10. Be4 Bxe4 11. fxe4 Nd4 12. Kd1 Rd8 13. Ne2 Ne6 14. Nc3 c6 15. d3 b5 16. Be3 Bc5 17. Bxc5 Nxc5 18. b4 Ne6 19. a4 a6 20. Kd2 a5 21. Rhb1 c5 22. bxc5 b4 23. Nd5 Nxc5 24. c3 b3 25. Ke3 f5 26. Rd1 Rf8 27. Rd2 Rf7 28. Rb2 fxe4 29. dxe4 g5 30. g4 Rd6 31. Rd1 Rh6 32. Rg1 Rh3+ 33. Rg3 Rxg3+ 34. hxg3 Rf1 35. c4 Re1+ 36. Kd2 Rg1 37. Ke3 Rxg3+ 38. Kf2 Nxe4+ 39. Kf1 Nc5 40. Kf2 Nd3+ 41. Kxg3 Nxb2 42. Nc3 Nxc4 0-1

[Event "Winnipeg TNT January op"]
[Site "Winnipeg CAN"]
[Date "2007.01.23"]
[Round "3"]
[White "Crawford, Gary"]
[Black "Goodman, Clifford"]
[Result "0-1"]
[WhiteElo "1323"]
[BlackElo "1498"]
[PlyCount "70"]
[GameId "2160767910739382"]
[EventDate "2007.01.09"]
[EventType "swiss"]
[EventRounds "4"]
[EventCountry "CAN"]
[SourceTitle "EXT 2008"]
[Source "ChessBase"]
[SourceDate "2007.11.25"]
[SourceVersion "1"]
[SourceVersionDate "2007.11.25"]
[SourceQuality "1"]

1. c4 Nf6 2. Nc3 e6 3. d4 Bb4 4. Bg5 h6 5. Bd2 O-O 6. Nf3 d6 7. a3 Bxc3 8. Bxc3 b6 9. Nd2 Bb7 10. f3 d5 11. Bb4 Re8 12. c5 a5 13. Bc3 bxc5 14. Nb3 cxd4 15. Qxd4 Nbd7 16. Nxa5 c5 17. Nxb7 cxd4 18. Nxd8 dxc3 19. b4 Rexd8 20. Kd1 Nb6 21. e3 Na4 22. Kc2 d4 23. exd4 Rxd4 24. Bd3 Rc8 25. Rhe1 Nb2 26. Re3 Nxd3 27. Rxd3 Rxd3 28. Kxd3 Nd5 29. b5 Kf8 30. Rb1 Ke7 31. g3 Kd6 32. Kc2 Ne3+ 33. Kc1 c2 34. Rb2 Kc5 35. b6 Rd8 0-1

[Event "Winnipeg TNT January op"]
[Site "Winnipeg CAN"]
[Date "2007.01.23"]
[Round "3"]
[White "Essery, Richard"]
[Black "Silva, T Romero"]
[Result "0-1"]
[WhiteElo "1675"]
[BlackElo "1903"]
[PlyCount "110"]
[GameId "2160767910739383"]
[EventDate "2007.01.09"]
[EventType "swiss"]
[EventRounds "4"]
[EventCountry "CAN"]
[SourceTitle "EXT 2008"]
[Source "ChessBase"]
[SourceDate "2007.11.25"]
[SourceVersion "1"]
[SourceVersionDate "2007.11.25"]
[SourceQuality "1"]

1. d4 Nf6 2. Nf3 c5 3. d5 d6 4. Bg5 Nbd7 5. e3 a6 6. Bd3 g6 7. O-O Bg7 8. Nc3 O-O 9. e4 Ng4 10. Re1 Nde5 11. Nxe5 Nxe5 12. Be2 Re8 13. f4 Nd7 14. Bd3 b5 15. Rb1 Qb6 16. Kh1 Nf6 17. h3 Nh5 18. Kh2 h6 19. Bh4 Nxf4 20. Bf1 Nh5 21. Qf3 Be5+ 22. Kh1 Ra7 23. g4 Nf6 24. g5 hxg5 25. Bxg5 Kg7 26. Nd1 Rh8 27. Ne3 Nh5 28. Ng4 Bxg4 29. Qxg4 Nf6 30. Qf3 Raa8 31. Re2 Rh5 32. Rg2 Nxe4 33. Be3 Rxh3+ 34. Qxh3 Rh8 35. Qxh8+ Kxh8 36. Bd3 Ng3+ 37. Kg1 Qb7 38. Kf2 Nh5 39. Rbg1 Qxd5 40. b3 c4 41. Be2 Nf4 42. Rh1+ Kg7 43. Bf3 Qe6 44. Rg4 Qf5 45. bxc4 Qxc2+ 46. Ke1 Bc3+ 47. Kf1 Qb1+ 48. Kf2 Be1+ 49. Rxe1 Nd3+ 50. Ke2 Nxe1 51. Be4 Qxa2+ 52. Kxe1 bxc4 53. Rg2 Qa1+ 54. Kf2 Qe5 55. Rg4 f5 0-1

[Event "Winnipeg TNT January op"]
[Site "Winnipeg CAN"]
[Date "2007.01.23"]
[Round "3"]
[White "Greenberg, Harley"]
[Black "Rutter, Blair"]
[Result "0-1"]
[WhiteElo "1801"]
[BlackElo "1958"]
[PlyCount "108"]
[GameId "2160767910739384"]
[EventDate "2007.01.09"]
[EventType "swiss"]
[EventRounds "4"]
[EventCountry "CAN"]
[SourceTitle "EXT 2008"]
[Source "ChessBase"]
[SourceDate "2007.11.25"]
[SourceVersion "1"]
[SourceVersionDate "2007.11.25"]
[SourceQuality "1"]

1. d4 d5 2. c4 e6 3. Nf3 Nf6 4. Nc3 c5 5. Bg5 cxd4 6. Nxd4 Nc6 7. e3 Be7 8. Bd3 Ne5 9. cxd5 Nxd3+ 10. Qxd3 Nxd5 11. Bxe7 Qxe7 12. Rc1 O-O 13. O-O Nf6 14. Rfd1 Bd7 15. e4 Rfd8 16. e5 Ng4 17. h3 Nxe5 18. Qe4 Nc6 19. Ndb5 Be8 20. Qf4 e5 21. Qe4 Rxd1+ 22. Rxd1 Rd8 23. Nd5 Qg5 24. h4 f5 25. Qc4 Qh6 26. Nf6+ Kf8 27. Qg8+ Ke7 28. Nd5+ Kd7 29. Ne3+ Kc8 30. Rxd8+ Kxd8 31. Qd5+ Bd7 32. Nd6 Kc7 33. Nxb7 Be6 34. Qb5 Qxh4 35. Na5 Qe4 36. Nxc6 Qxc6 37. Qxe5+ Kb6 38. Qxg7 Bxa2 39. Qd4+ Qc5 40. Qxc5+ Kxc5 41. Nxf5 Kc4 42. Ne3+ Kb3 43. Nd1 Bb1 44. f4 a5 45. g4 Bg6 46. f5 Bf7 47. Kf2 Kc2 48. Ke2 h6 49. f6 Be6 50. Ne3+ Kxb2 51. Nf5 a4 52. Nxh6 a3 53. f7 Bxf7 54. Nxf7 a2 0-1

[Event "Winnipeg TNT January op"]
[Site "Winnipeg CAN"]
[Date "2007.01.23"]
[Round "3"]
[White "Kohalmi, Andy"]
[Black "Garrod, Chris"]
[Result "1-0"]
[WhiteElo "1710"]
[BlackElo "1252"]
[PlyCount "97"]
[GameId "2160767910739385"]
[EventDate "2007.01.09"]
[EventType "swiss"]
[EventRounds "4"]
[EventCountry "CAN"]
[SourceTitle "EXT 2008"]
[Source "ChessBase"]
[SourceDate "2007.11.25"]
[SourceVersion "1"]
[SourceVersionDate "2007.11.25"]
[SourceQuality "1"]

1. d4 d5 2. Nf3 Nc6 3. e3 Nf6 4. Nbd2 Qd6 5. c4 h6 6. Bd3 g6 7. O-O Bg7 8. c5 Qe6 9. Re1 O-O 10. a3 a6 11. Qc2 Nh5 12. b4 f5 13. Bb2 g5 14. h3 Qf6 15. Rf1 g4 16. hxg4 fxg4 17. Ne5 Nxe5 18. dxe5 Qh4 19. e4 g3 20. fxg3 Nxg3 21. Rxf8+ Bxf8 22. exd5 Bg7 23. e6 Bxe6 24. Bh7+ Kh8 25. Bxg7+ Kxg7 26. Qg6+ Kh8 27. dxe6 Rf8 28. Nf3 Qh1+ 29. Kf2 Qxa1 30. Kxg3 Qf6 31. Qxf6+ Rxf6 32. Be4 b6 33. cxb6 cxb6 34. Nd4 Kg7 35. Bb7 a5 36. bxa5 bxa5 37. Bc6 Kg6 38. Be8+ Kg5 39. Bf7 h5 40. Nc6 h4+ 41. Kh3 Rf1 42. Kh2 a4 43. Nxe7 Ra1 44. Nd5 Kg4 45. e7 h3 46. e8=Q Rxa3 47. Qg8+ Kh4 48. g3+ Rxg3 49. Qxg3# 1-0

[Event "Winnipeg TNT January op"]
[Site "Winnipeg CAN"]
[Date "2007.01.23"]
[Round "3"]
[White "Lauritson, Jim"]
[Black "Nguyen, Huy"]
[Result "1-0"]
[WhiteElo "1893"]
[BlackElo "1721"]
[PlyCount "57"]
[GameId "2160767910739386"]
[EventDate "2007.01.09"]
[EventType "swiss"]
[EventRounds "4"]
[EventCountry "CAN"]
[SourceTitle "EXT 2008"]
[Source "ChessBase"]
[SourceDate "2007.11.25"]
[SourceVersion "1"]
[SourceVersionDate "2007.11.25"]
[SourceQuality "1"]

1. d4 c6 2. c4 Nf6 3. Nc3 e6 4. e4 d5 5. e5 Nfd7 6. f4 g6 7. Nf3 Be7 8. Bd3 a6 9. Be3 dxc4 10. Bxc4 b5 11. Bd3 Nb6 12. O-O O-O 13. Ne4 Nd5 14. Bd2 Qb6 15. Rc1 Nd7 16. Qc2 Bb7 17. g3 Rac8 18. b4 Kg7 19. Nc5 Qc7 20. g4 Nxc5 21. dxc5 f5 22. exf6+ Bxf6 23. g5 Be7 24. Ne5 Bxg5 25. Nxg6 hxg6 26. fxg5 Rf5 27. Bxf5 gxf5 28. Rce1 Re8 29. Rxf5 1-0

[Event "Winnipeg TNT January op"]
[Site "Winnipeg CAN"]
[Date "2007.01.23"]
[Round "3"]
[White "Mundwiler, Les"]
[Black "Lipnowski, Samuel"]
[Result "1/2-1/2"]
[WhiteElo "1938"]
[BlackElo "2268"]
[PlyCount "98"]
[GameId "2160767910739387"]
[EventDate "2007.01.09"]
[EventType "swiss"]
[EventRounds "4"]
[EventCountry "CAN"]
[SourceTitle "EXT 2008"]
[Source "ChessBase"]
[SourceDate "2007.11.25"]
[SourceVersion "1"]
[SourceVersionDate "2007.11.25"]
[SourceQuality "1"]

1. Nf3 c5 2. d3 g6 3. Nbd2 Bg7 4. e4 Nc6 5. c3 Nf6 6. Qc2 O-O 7. h3 d6 8. Be2 Rb8 9. Nf1 b5 10. g4 b4 11. c4 Qb6 12. Qd2 a5 13. Bd1 Bd7 14. Ne3 Qd8 15. Rb1 Ra8 16. Kf1 a4 17. Kg2 Qa5 18. Qe2 Rfb8 19. Bd2 a3 20. b3 Ne8 21. Nc2 Nc7 22. Bf4 Ne6 23. Bg3 Bh6 24. Qe1 Nf4+ 25. Bxf4 Bxf4 26. Ne3 e6 27. Bc2 Qd8 28. Qe2 Qf6 29. Rbe1 Re8 30. Qd1 Rad8 31. Bb1 Bc8 32. h4 Ne5 33. Nxe5 Bxe5 34. g5 Qf4 35. Qg4 h5 36. gxh6 Qxg4+ 37. Nxg4 Bc3 38. Reg1 f5 39. Ne3 Kh7 40. Kf1 Kxh6 41. f4 Bd4 42. Ke2 e5 43. h5 exf4 44. Rxg6+ Kh7 45. Nd5 fxe4 46. dxe4 f3+ 47. Kxf3 Rf8+ 48. Ke2 Be5 49. Ne3 Rde8 1/2-1/2